Asian Geography A-Z - Statistics

General Stats
  • This quiz has been taken 2,817 times
  • The average score is 20 of 26
Answer Stats
Clue Answer % Correct
A Common Middle Eastern language Arabic
97%
B Largest city of Thailand Bangkok
97%
H Most common religion in India Hinduism
96%
J Mt. Fuji is its tallest mountain Japan
95%
Q Host of the 2022 World Cup Qatar
94%
E Tallest mountain above sea level Mt. Everest
93%
L Communist country in Indochina Laos
92%
N Japanese city hit by an atomic bomb Nagasaki
92%
R Islamic month of fasting Ramadan
91%
G Cold desert in China and Mongolia Gobi Desert
90%
P UN observer state bordering Israel Palestine
90%
O Second biggest city in Japan Osaka
89%
C Name of Istanbul prior to 1930 Constantinople
87%
U Capital of Mongolia Ulaanbaatar
85%
T Buddhist country annexed by China Tibet
84%
F Denonym of the Philippines Filipino
77%
K Peninsula of two opposite countries Korean
73%
W Palestinian territory east of Gaza West Bank
69%
Y River in China: The Cháng Jiāng Yangtze
66%
I Southeast Asian peninsula Indochina
63%
M Chinese region invaded by Japan Manchuria
61%
V Biggest Pacific Russian city Vladivostok
60%
D Lowest point on dry land Dead Sea
54%
S Currency of Israel Shekel
48%
X Chinese city of 10 million people Xiamen
33%
Z 5 million city on the Huang He Zhengzhou
16%
No matching quizzes found
Score Distribution
Percent of People with Each Score
Percentile by Number Answered
Your Score History
You have not taken this quiz